A Guide to Computing Statistics with SPSS for Windows : (Record no. 9402)
[ view plain ]
| 000 -LEADER | |
|---|---|
| fixed length control field | 00542cac a22001571u 4500 |
| 090 ## - LOCALLY ASSIGNED LC-TYPE CALL NUMBER (OCLC); LOCAL CALL NUMBER (OCLC) | |
| -- | 9402 |
| 008 - FIXED-LENGTH DATA ELEMENTS--GENERAL INFORMATION | |
| fixed length control field | 081102t1997 xxu||||| |||| 00| 0 eng d |
| 010 ## - LIBRARY OF CONGRESS CONTROL NUMBER | |
| LC control number | 96042185 |
| 020 ## - INTERNATIONAL STANDARD BOOK NUMBER | |
| International Standard Book Number | 0137291973 (pbk. : alk. paper) |
| 082 00 - DEWEY DECIMAL CLASSIFICATION NUMBER | |
| Classification number | 300.28553 |
| Item number | HOW |
| 245 12 - TITLE STATEMENT | |
| Title | A Guide to Computing Statistics with SPSS for Windows : |
| Statement of responsibility, etc | Dennis Howitt and Duncan Cramer. |
| 260 ## - PUBLICATION, DISTRIBUTION, ETC. (IMPRINT) | |
| Place of publication, distribution, etc | London |
| -- | New York : |
| Name of publisher, distributor, etc | Prentice Hall/Harvester Wheatsheaf, |
| Date of publication, distribution, etc | c1997. |
| 260 ## - PUBLICATION, DISTRIBUTION, ETC. (IMPRINT) | |
| Name of publisher, distributor, etc | Distributer: Al-Ahram. |
| 300 ## - PHYSICAL DESCRIPTION | |
| Extent | vii, 197 p. : |
| Other physical details | ill. ; |
| Dimensions | 23 cm. |
| 942 ## - ADDED ENTRY ELEMENTS (KOHA) | |
| Item type | Book - Borrowing |
| Call number prefix | 300.28553HOW |
| Source of classification or shelving scheme | Dewey Decimal Classification |
| Withdrawn status | Item status | Damaged status | Not for loan | Home library | Current library | Shelving location | Date acquired | Source of acquisition | Total Checkouts | Full call number | Barcode | Date last seen | Date last borrowed | Cost, replacement price | Koha item type |
|---|---|---|---|---|---|---|---|---|---|---|---|---|---|---|---|
| Central Library | Central Library | First floor | 06/05/2008 | Purchase | 1 | 300.28553HOW | 000011448 | 15/07/2025 | 17/12/2012 | 59.80 | Book - Borrowing |